| 000 | 04121cam a22007334i 4500 | ||
|---|---|---|---|
| 003 | PE-LiUPU | ||
| 005 | 20250731170451.0 | ||
| 008 | 150706s2006 pe a r 000 0 d | ||
| 020 | _a9972290956 | ||
| 035 | _a(Sirsi) i9789972290954 | ||
| 040 |
_aPE-LiUPU _bspa _cPE-LiUPU _erda |
||
| 049 | _aPRUA | ||
| 082 | 0 | 4 |
_a146.4 _bC22 _221 |
| 082 | 0 | 4 |
_a150.07 _bC24 2006 |
| 100 | 1 |
_aCampos Roldán, Manuel, _eautor. |
|
| 245 | 1 | 0 |
_aEn qué se equivocó Popper : _ben torno al desarrollo del concepto mente en el Medioevo / _cManuel Campos Roldán. |
| 264 | 1 |
_aLima : _bAsamblea Nacional de Rectores, _c2006. |
|
| 300 |
_a190 páginas : _bilustraciones ; _c23 centímetros |
||
| 336 |
_atext _2rdacontent |
||
| 337 |
_aunmediated _2rdamedia |
||
| 338 |
_avolume _2rdacarrier |
||
| 505 | 0 | _aDescartes y el problema de la mente en el siglo XXI -- Propósito y organización del estudio -- El problema cerebro-mente -- El error de descartes y las filosofías de la mente -- Descartes revisitado -- Karl R. Popper y la filosofía -- La filosofía de Karl R. Popper -- La filosofía según Karl Popper -- La historia del dualismo cuerpo-mente según Popper -- La formación de la idea de la mente en la filosofía medieval -- El problema de la antigüedad del dualismo del cuerpo y la mente -- La idea de supervivencia y el dualismo cuerpo-mente -- El análisis filológico del vocabulario homérico -- El descubrimiento del concepto en el Medioevo o el itinerario de la mente a René Descartes. | |
| 526 | _aSEG68 | ||
| 526 | _aSEG70 | ||
| 526 | _aSEG69 | ||
| 526 | _aSEG67 | ||
| 526 | _aSEG43 | ||
| 526 | _aP144 | ||
| 526 | _aP143 | ||
| 526 | _aP131 | ||
| 526 | _aP122 | ||
| 526 | _aP120 | ||
| 526 | _aP117 | ||
| 526 | _aP112 | ||
| 526 | _aP110 | ||
| 526 | _aP106 | ||
| 526 | _aP101 | ||
| 526 | _aP80 | ||
| 526 | _aP59 | ||
| 526 | _aP54 | ||
| 526 | _aP35 | ||
| 526 | _aP33 | ||
| 526 | _aP30 | ||
| 600 | 1 |
_aDescartes, Rene _xCritica e interpretación |
|
| 600 | 1 |
_aPopper, Karl R. _xCritica e interpretación |
|
| 650 | 0 | 4 |
_aFilosofía de la mente _xHistoria _yEdad Media. |
| 910 |
_bjv _clch _d20110411 |
||
| 942 |
_2ddc _cBOOK |
||
| 949 |
_a146.4 C22 _wDEWEY _c1 _i62740 _d2016-11-23 _e2016-11-16 _lCCODEBUL1 _mBUL _n1 _p10.00 _r0 _sY _tBOOK _u2015-7-6 _xSALUD _zUNKNOWN _0COMPRA _o.STAFF. Colección General |
||
| 949 |
_a146.4 C22 _wDEWEY _c2 _i62739 _lCCODEBUL1 _mBUL _p10.00 _r0 _sY _tBOOK _u2015-7-6 _xSALUD _zUNKNOWN _0COMPRA _o.STAFF. Colección General |
||
| 949 |
_a150.07 C24 2006 _wDEWEY _c1 _i1009640 _lCCODEBUJ1 _mBUJ _p10.00 _r0 _sY _tBOOK _u2015-10-6 _xSALUD _PP33 _0COMPRA _o.STAFF. Colección General |
||
| 949 |
_a150.07 C24 2006 _wDEWEY _c2 _i1008936 _lCCODEBUJ1 _mBUJ _p10.00 _r0 _sY _tBOOK _u2015-12-10 _xSALUD _PP33 _0COMPRA _o.STAFF. Colección General |
||
| 949 |
_a150.07 _bC24 2006 _wDEWEY _c1 _iFJ09740 _lCCODEBUJ1 _mBUJ _p10.00 _r0 _sY _tBOOK _u2015-12-21 _xSALUD _PP33 _0COMPRA _o.STAFF. Colección General |
||
| 949 |
_a150.07 _bC24 2006 _wDEWEY _c2 _iFJ09741 _lCCODEBUJ1 _mBUJ _p10.00 _r0 _sY _tBOOK _u2015-12-21 _xSALUD _PP33 _0COMPRA _o.STAFF. Colección General |
||
| 994 |
_aC0 _bPEPRU |
||
| 596 | _a1 3 | ||
| 999 |
_a146.4 C22 _wDEWEY _c51811 _i62740 _d51811 _e2016-11-16 _f2021-11-4 _g5 _lCCODEBUL1 _mBUL _n1 _p10.00 _r0 _sY _tBOOK _u2015-7-6 _xBIBLIOTECA _zUNKNOWN _0COMPRA _o.STAFF. Colección General |
||
| 999 |
_a146.4 C22 _wDEWEY _c2 _i62739 _f2021-11-4 _g5 _lCCODEBUL1 _mBUL _p10.00 _r0 _sY _tBOOK _u2015-7-6 _xBIBLIOTECA _zUNKNOWN _0COMPRA _o.STAFF. Colección General |
||
| 999 |
_a150.07 C24 2006 _wDEWEY _c1 _iFJ09741 _d2018-5-22 _f2022-1-17 _g4 _lCCODEBUJ1 _mBUJ _p10.00 _q1 _r0 _sY _tBOOK _u2015-10-6 _xSALUD _PP33 _0COMPRA _o.STAFF. Colección General Juliaca |
||
| 999 |
_a150.07 C24 2006 _wDEWEY _c2 _iFJ09740 _f2022-1-17 _g3 _lCCODEBUJ1 _mBUJ _p10.00 _r0 _sY _tBOOK _u2015-12-10 _xSALUD _PP33 _0COMPRA _o.STAFF. Colección General Juliaca |
||
| 980 |
_81 _gALBERTO SANCHEZ Responsable de Automatización |
||